1169 1275 1100 1758 1464 1923 1918 1263 1100 1951 1071 1573 1133 1681 1395 1703 1204 1631 1201 1221 1045 1045 1913 1336 1054 1424 1538 1637 1054 1889 1616 1013 1570 1123 1032 1436 1489 1040 1791 1414 1664 1972 1836 1874 1927 1339 1354 1362 1997 1695 1831 1106 1613 1721 1524 1248 1973 1390 1828 1698 1026 1296 1388 1305 1143 1414 1130 1294 1669 1146 1149 1381 1614 1930 1034 1195 1663 1442 1149 1437 1747 1268 1372 1621 1576 1233 1161 1848 1385 1217 1404 1481 1904 1119 1671 1347 1406 1295 1177 BCNSPRNW ULIB Ver.6.0+V

เปลี่ยนเป็นภาษาไทย

Change to English
 แสดงรายละเอียดบรรณานุกรม
  กลับหน้าหลัก

Brief Record : Get Marc (ISO 2709) : E-mail record : QR code < ปิดหน้าต่าง
LEADER : 00000nam 2200000uu 4500
001    13399124833
003     ULIB
008    160403s2555||||th 000 0 tha d
020    9786169042952
060  4 ^aWA525^bน574ก
100 0  ^aนิตย์ ทัศนิยม
245 10 ^aการสร้างเสริมสุขภาพ :^bการสร้างพลังอำนาจ /^cนิตย์ ทัศนิยม, สมพนธ์ ทัศนิยม
250    ^aพิมพ์ครั้งที่ 1
260    ^aขอนแก่น :^bคลังนานาวิทยา,^c2555
300    ^a184 หน้า
505 0  ^a^tบทนำ : แนวคิดการสร้างเสริมสุขภาพ - -^tกระบวนทัศน์สุขภาพใหม่ - -^tการสร้างพลังอำนาจ - -^tการวิจัยปฏิบัติการแบบมีส่วนร่วม - -^tการสร้างความตระหนักในการลดบริโภคเกลือ - -^tการนำเสนอแนวคิดปัจจัยทางสังคมที่กำหนดสุขภาพสู่การปฏิบัติ - -^tเครือข่ายการพัฒนาบริการสุขภาพระดับปฐมภูมิเขตภาคอีสาน - -^tการพัฒนางานประจำสู่งานวิจัย - -^tกระบวนการพัฒนาโรงพยาบาลส่งเสริมสุขภาพ - -^tการสอนวิชาการส่งเสริมสุขภาพ
650  7 ^aการส่งเสริมสุขภาพ
650  7 ^aการสร้างเสริมสุขภาพ
700 0  ^aสมพนธ์ ทัศนิยม
945    ^p150^l0^i000460
945    ^p150^l0^i000461
945    ^p150^l0^i000462
999    ^aเกษร โพธิ์สุวรรณ
รายการนี้ยังไม่มีแท็ก
คุณยังไม่ได้ล็อกอิน คุณสามารถมีกิจกรรมร่วมกับเว็บไซต์ได้ แต่ต้องล็อกอินก่อน ::
  ล็อกอิน

รายการสื่อสารสนเทศ

ลำดับที่ ประเภท เลขเรียก/บาร์โค้ด สถานที่ สถานะ
1. วิทยาศาสตร์การแพทย์ และสุขภาพ
หนังสือสำรอง
สถานะ=หนังสือสำรอง
WA525 น574ก ฉ.1 
  Barcode: 000460
ห้องสมุดวิทยาเขตสวรรค์ประชารักษ์
►ส่วนจัดเก็บหนังสือเก่า สปร
บนชั้น
  ขอยืม
2. วิทยาศาสตร์การแพทย์ และสุขภาพ
วิทยาศาสตร์การแพทย์ และสุขภาพ
WA525 น574ก ฉ.2 
  Barcode: 000461
ห้องสมุดวิทยาเขตสวรรค์ประชารักษ์
►ส่วนจัดเก็บหนังสือเก่า สปร
บนชั้น
  ขอยืม
3. วิทยาศาสตร์การแพทย์ และสุขภาพ
วิทยาศาสตร์การแพทย์ และสุขภาพ
WA525 น574ก ฉ.3 
  Barcode: 000462
ห้องสมุดวิทยาเขตสวรรค์ประชารักษ์
►หนังสือทั่วไป
บนชั้น

รายการใกล้เคียง
    ผู้แต่ง [นิตย์ ทัศนิยม]

    หัวเรื่อง [การส่งเสริมสุขภาพ]
    หัวเรื่อง [การสร้างเสริมสุขภาพ]

BibComment


ยังไม่เคยถูกคอมเมนท์

คอมเมนท์ทรัพยากรรายการนี้
  คอมเมนท์: การสร้างเสริมสุข..


 Copyright 2026. Bcnsprnw @Library